Mañana en la batalla piensa en mí /

Guardado en:
Bibliografiske detaljer
Hovedforfatter: Marías, Javier (autor)
Format: Bog
Sprog:spansk
Udgivet: Madrid, España : Alfaguara, 1997, c1996
Fag:
Tags: Tilføj Tag
Ingen Tags, Vær først til at tagge denne postø!

MARC

LEADER 00000nam^a2200000^a^4500
001 000577607
005 20260518171411.0
009 20260526153239.236
020 |a 84-204-2914-7 
037 |a Acervo ITESO - Biblioteca 
041 |a ESP 
091 |a FLG. 00160 
100 |a Marías, Javier  |e (autor) 
240 1 1 |a [Mañana en la batalla piensa en mí] 
245 1 0 |a Mañana en la batalla piensa en mí /  |c J. Marías 
264 4 |a Madrid, España :  |b Alfaguara,  |c 1997, c1996 
300 |a 423 p. 
336 |a texto  |b txt  |2 rdacontenido 
337 |a sin mediación  |b n  |2 rdamedio 
338 |a volumen  |b nc  |2 rdasoporte 
545 0 |a Javier Marías (Madrid, 1951-2022), escritor español. Hijo del filósofo Julián Marías, estudió Filología Inglesa en la Universidad Complutense de Madrid, donde ejerció la docencia, al igual que en Oxford University. Galardonado con el Premio de Traducción Fray Luis de León por Tristram Shandy (1979), de Laurence Sterne, alcanzó el reconocimiento público como novelista con El hombre sentimental (1986, Premio Herralde) y Todas las almas (1988, Premio Ciudad de Barcelona 1989). Corazón tan blanco (1992) –ganadora de los premios de la Crítica y L'Oeil et la Lettre (1993) e IMPAC International Dublin Literary Award (1997)- colocó su nombre en el panorama internacional, condición que confirmó con Mañana en la batalla piensa en mí (1994), novela galardonada con los premios Rómulo Gallegos y Fastenrath (1995) y Femina Etranger (1996). Acometió uno de sus proyectos narrativos más ambiciosos en Tu rostro mañana, dividido en las entregas Fiebre y lanza (2002, Premio Salambó), Baile y sueño (2004) y Veneno y sombra y adiós (2007). Reunió una treintena de relatos en el volumen Mala índole (2012), mientras su actividad como ensayista y articulista –en el diario español El País y la revista mexicana Letras Libres, entre otros espacios- originaron una copiosa bibliografía: Pasiones pasadas (1991), Vidas escritas (1992), Literatura y fantasma (1993), Miramientos (1997), Si yo amaneciera otra vez (1997), Desde que te vi morir (1999), Salvajes y sentimentales: letras de fútbol (2000), Donde todo ha sucedido: al salir del cine (2005) y Lección pasada de moda: letras de lengua (2012) ejemplifican su amplia gama de intereses. Miembro de la Real Academia Española desde 2006, el conjunto de su obra fue reconocido con los premios Nelly Sachs (1997), Comunidad de Madrid (1998), Grinzane Cavour (2000), Alberto Moravia (2000), José Donoso (2008) y Austríaco de Literatura Europea (2011). 
586 |a Premio Rómulo Gallegos 1995 
649 |a XX 
650 |a Novela Española 
650 |a Literatura Española -  |y Siglo XX 
910 |a Fondo Luis González de Alba 
920 |a Impresos - Libros 
930 |a Fondos Especiales 
940 |a Literatura 
905 |a 141 
901 |a 0500397945  |b IT2  |c ESP  |i D102974  |u 20250521 
902 |a https://opac.biblio.iteso.mx/vufind/Record/000577607